| 000 | 01200nam a2200229 a 4500 | ||
|---|---|---|---|
| 001 | BS0002342 | ||
| 003 | BR-BrBNA | ||
| 005 | 20231108142304.0 | ||
| 008 | 230308b |||||||| |||| 00| 0 por d | ||
| 040 |
_aBR-BrBNA _bpor _cBiblioteca Nacional de Agricultura |
||
| 041 | _apor | ||
| 072 | _aS91 | ||
| 090 |
_aS91 _bBS0002342 |
||
| 100 | 1 | _aMunif, Abdelrahman. | |
| 245 | 1 | _aCities of salt / | |
| 260 | 3 |
_alondres, Inglaterra: _bVintage, _c1994. |
|
| 300 | _a627 p. | ||
| 500 | _aTraduzido por Peter Theroux, Título original: Mudun al-milh.. | ||
| 520 | 3 | _aPossessed of panoramic scope and incisve originality, Cities of salt is a spell-binding evocation of Bedouin life, that reveals and humanises a society that has for too long been misunderstood by the West. The novel is set in an unnamed Persian Gulf kingdom in the 1930's. Oil has been discovered there, and the story tells of the disruption and diaspora of a poor oasis community. As the Americans colonise this remote region, Abdeirahman Munif portrays their cultural confrontation with the Arabs, in which religion, history, superstition and mutual incomprehension all play a part. | |
| 650 | _aLITERATURA ÁRABE | ||
| 942 |
_cBK _2AGRIS |
||
| 999 |
_c7401 _d7401 |
||